000 00275nam a2200109Ia 4500
008 190914s9999||||xx |||||||||||||| ||und||
100 _aSarwat Sultana Sarwat
245 0 _aMeri Maghfirat Ka Sabab Banay
260 _aKarachi
_bShuja Alqadir
_c2006
300 _a929
942 _cBK
999 _c9938
_d9938